| 000 | 00869cam a2200181 4500 | ||
|---|---|---|---|
| 001 | WB3918-02 | ||
| 008 | 030513n2003 000 0 eng u | ||
| 035 | _a(Sirsi) u122253 | ||
| 245 | _aConstruction industry report online | ||
| 260 | _c2003 | ||
| 490 |
_aConsult _v(33) May 2003, 3(1) |
||
| 520 | _aDTI's "State of the construction industry report" (Winter 2002-03) predicts continued growth for the industry despite slower world economic growth and the Iraq war. The report provides statistics and commentary on building prices and costs, materials and products, infrastructure, consultants, housing, non-residential building and current issues. Report available at www.dti.gov.uk/construction/stats/soi/soiwinter0203.htm | ||
| 590 | _aWB | ||
| 650 | _aCONSTRUCTION INDUSTRY | ||
| 650 | _aCONSTRUCTION STATISTICS | ||
| 690 | _aBUILT ENVIRONMENT | ||
| 942 | _n0 | ||
| 999 |
_c72658 _d72658 |
||